| 000 | 00986cad a22002055a 4500 | ||
|---|---|---|---|
| 001 | L154602 | ||
| 008 | 120105s2011 xxkqr p 0 a0eng u | ||
| 035 | _a(Sirsi) u154602 | ||
| 041 | 0 | _aeng | |
| 110 | 2 |
_aCMS Cameron McKenna _95874 |
|
| 245 | 0 | 0 |
_aProposal for new EU procurement directives _h[electronic resource] |
| 260 |
_aLondon _bCMS Cameron McKenna LLP _c2011 |
||
| 520 | _aThis article discusses the proposals for new procurement directives to replace the current directives on public and utilities procurements which the European Commission published on 20 December 2011; the European Commission has aimed to modernise and simplify the procurement rules. | ||
| 590 | _aKA NTK | ||
| 651 | 4 | _aEurope | |
| 690 |
_aProcurement _96260 |
||
| 690 |
_aProject management _96261 |
||
| 856 | 4 | 0 |
_uhttps://www.law-now.com/DirectMail/%7BCC537BF7-3DAC-4EDD-8999-D2D52B419DC5%7D_proposalforneweuprocurementrulesdec11.htm _zView the article free of charge at www.law-now.com |
| 942 | _n0 | ||
| 999 |
_c113059 _d113059 |
||